书目信息 |
| 题名: |
果树主要害虫和防治方法
|
|
| 作者: | ;黄可训、北京市科学技术协会 编 | |
| 分册: | ||
| 出版信息: | 北京 北京出版社 1965 |
|
| 页数: | 96页 | |
| 开本: | 20cm | |
| 丛书名: | ||
| 单 册: | ||
| 中图分类: | S436.6 | |
| 科图分类: | ||
| 主题词: | 植物--病虫害 , 植物--病虫害防治方法 | |
| 电子资源: | ||
| ISBN: | ||
| 000 | 00723nam0 2200217 450 | |
| 001 | 0638627989 | |
| 005 | 20060816104542.56 | |
| 010 | @dCNY0.24 | |
| 091 | @a16071.63 | |
| 100 | @a20060816d1965 km y0chiy0120 ea | |
| 101 | 0 | @achi |
| 102 | @aCN@b110000 | |
| 200 | 1 | @a果树主要害虫和防治方法@Aguo shu zhu yao hai chong he fang zhi fang fa@f黄可训、北京市科学技术协会 编@Fhuang ke xun、bei jing shi ke xue ji shu xie hui bian |
| 210 | @a北京@c北京出版社@d1965 | |
| 215 | @a96页@d20cm | |
| 606 | 0 | @a植物@x病虫害 |
| 606 | 0 | @a植物@x病虫害防治方法 |
| 690 | @aS436.6@v3 | |
| 711 | 0 | @a黄可训、北京市科学技术协会@Ahuang ke xun、bei jing shi ke xue ji shu xie hui@4编 |
| 801 | 0 | @aCN@bPFT@c20060816 |
| 905 | @a10447@dS436.6@e46 | |
| 果树主要害虫和防治方法/黄可训、北京市科学技术协会 编.-北京:北京出版社,1965 |
| 96页;20cm |
| ISBN :CNY0.24 |
| ● |
| 相关链接 |
|
|
|
|
正题名:果树主要害虫和防治方法
索取号:S436.6/46
 
预约/预借
| 序号 | 登录号 | 条形码 | 馆藏地/架位号 | 状态 | 备注 |
| 1 | 0458661 | 204586616 | 密集书库/ [索取号:S436.6/46] | 在馆 |